000 00531cam a22001331 4500
050 0 0 _aN6310
_b.A83
100 1 _aAubert, Marcel,
_d1884-1962.
245 1 4 _aThe art of the High Gothic era.
_cBy Marcel Aubert, with the collaboration of J. A. Schmoll gen. Eisenwerth and contributions by Hans H. Hofstätter. [Translated by Peter Gorge]
260 _aNew York,
_bCrown Publishers
_c[1965]
300 _a227 p.
500 _aTranslation of Le Triomphe de l'art Gothique.
700 1 _aSchmoll gen. Eisenwerth, J. Adolf,
942 _2lcc
_cGEN
999 _c9280
_d9280